00390 a2200109 4500001001000000005001700010008004100027245010000068100002700168773006800195999001700263ART_4388320260410161808.0260409a 10aConflicto entre acreedores con privilegio especial (crédito hipotecario vs. crédito fiscal)1 aAlmada, Sebastián E.0 tDoctrina Societaria y Concursalg- Nº 358 (sep. 2017)wREV4298 c21183d21183